| 000 | 05545cam a22019094i 4500 | ||
|---|---|---|---|
| 003 | PE-LiUPU | ||
| 005 | 20250813165656.0 | ||
| 008 | 171204s2007 pe a r 000 0 spa d | ||
| 035 | _a(Sirsi) a38209 | ||
| 040 |
_aPE-LiUPU _bspa _cPE-LiUPU _dPE-LiUPU _erda |
||
| 049 | _aPRUA | ||
| 082 | 0 | 4 |
_a657 _bG53 2007 _221 |
| 082 | 0 | 4 |
_a657.042 _bG53 2007 |
| 100 | 1 |
_aGiraldo Jara, Demetrio, _eautor. |
|
| 245 | 1 | 0 |
_aContabilidad general básica : _bconcordante con el plan contable general revisado, teoría y práctica / _cDemetrio Giraldo Jara. |
| 264 | 1 |
_aLima : _bADESA, _c2007. |
|
| 300 |
_a325 páginas : _bilustraciones ; _c21 centímetros |
||
| 336 |
_atext _2rdacontent |
||
| 337 |
_aunmediated _2rdamedia |
||
| 338 |
_avolume _2rdacarrier |
||
| 505 | 0 | _aTeóricas contables -- Libros de inventario y balances -- Partida doble -- Libro diario -- Libro caja: tabular e italiana -- Libro mayor -- Balance de comprobación -- Casos prácticos del procesos intergrales resueltos, utilizando todos los libros contables, al termino de este libro estará en condiciones de trabajar como auxiliar contable. | |
| 526 | _aP203 | ||
| 526 | _aP200 | ||
| 526 | _aSEG65 | ||
| 526 | _aSEG64 | ||
| 526 | _aSEG63 | ||
| 526 | _aSEG62 | ||
| 526 | _aSEG61 | ||
| 526 | _aSEG60 | ||
| 526 | _aSEG59 | ||
| 526 | _aSEG58 | ||
| 526 | _aSEG57 | ||
| 526 | _aSEG56 | ||
| 526 | _aSEG55 | ||
| 526 | _aSEG54 | ||
| 526 | _aSEG53 | ||
| 526 | _aSEG52 | ||
| 526 | _aSEG51 | ||
| 526 | _aSEG50 | ||
| 526 | _aSEG49 | ||
| 526 | _aSEG48 | ||
| 526 | _aSEG47 | ||
| 526 | _aSEG46 | ||
| 526 | _aSEG24 | ||
| 526 | _aSEG23 | ||
| 526 | _aSEG22 | ||
| 526 | _aSEG21 | ||
| 526 | _aSEG20 | ||
| 526 | _aSEG19 | ||
| 526 | _aSEG18 | ||
| 526 | _aSEG17 | ||
| 526 | _aSEG16 | ||
| 526 | _aSEG14 | ||
| 526 | _aSEG13 | ||
| 526 | _aSEG12 | ||
| 526 | _aSEG11 | ||
| 526 | _aSEG10 | ||
| 526 | _aSEG09 | ||
| 526 | _aSEG06 | ||
| 526 | _aSEG05 | ||
| 526 | _aSEG04 | ||
| 526 | _aSEG03 | ||
| 526 | _aSEG02 | ||
| 526 | _aSEG68 | ||
| 526 | _aSEG66 | ||
| 526 | _aSEG45 | ||
| 526 | _aSEG25 | ||
| 526 | _aSEG01 | ||
| 526 | _aP163 | ||
| 526 | _aP162 | ||
| 526 | _aP161 | ||
| 526 | _aP160 | ||
| 526 | _aP159 | ||
| 526 | _aP158 | ||
| 526 | _aP157 | ||
| 526 | _aP156 | ||
| 526 | _aP155 | ||
| 526 | _aP154 | ||
| 526 | _aP153 | ||
| 526 | _aP152 | ||
| 526 | _aP151 | ||
| 526 | _aP150 | ||
| 526 | _aP149 | ||
| 526 | _aP142 | ||
| 526 | _aP141 | ||
| 526 | _aP140 | ||
| 526 | _aP139 | ||
| 526 | _aP138 | ||
| 526 | _aP137 | ||
| 526 | _aP132 | ||
| 526 | _aP131 | ||
| 526 | _aP130 | ||
| 526 | _aP126 | ||
| 526 | _aP125 | ||
| 526 | _aP124 | ||
| 526 | _aP123 | ||
| 526 | _aP115 | ||
| 526 | _aP122 | ||
| 526 | _aP121 | ||
| 526 | _aP116 | ||
| 526 | _a P114 | ||
| 526 | _aP112 | ||
| 526 | _aP111 | ||
| 526 | _aP104 | ||
| 526 | _aP103 | ||
| 526 | _aP102 | ||
| 526 | _aP101 | ||
| 526 | _aP100 | ||
| 526 | _aP96 | ||
| 526 | _aP95 | ||
| 526 | _aP93 | ||
| 526 | _aP92 | ||
| 526 | _aP91 | ||
| 526 | _aP88 | ||
| 526 | _aP83 | ||
| 526 | _aP82 | ||
| 526 | _aP79 | ||
| 526 | _aP78 | ||
| 526 | _aP75 | ||
| 526 | _aP74 | ||
| 526 | _aP71 | ||
| 526 | _aP69 | ||
| 526 | _a P51 | ||
| 526 | _aP49 | ||
| 526 | _aP48 | ||
| 526 | _aP47 | ||
| 526 | _aP33 | ||
| 526 | _aP31 | ||
| 526 | _a P30 | ||
| 526 | _aP29 | ||
| 526 | _aP27 | ||
| 526 | _aP26 | ||
| 526 | _aP25 | ||
| 526 | _aP24 | ||
| 526 | _a P22 | ||
| 526 | _aP10 | ||
| 526 | _aP09 | ||
| 526 | _a P08 | ||
| 526 | _aP06 | ||
| 526 | _aP05 | ||
| 526 | _aP04 | ||
| 526 | _aP01 | ||
| 541 | _g006889; | ||
| 650 | 0 | 4 |
_aContablidad general _xAplicaciones. |
| 650 | 0 | 4 |
_aContabilidad (LIbros) _xSistema computarizado. |
| 910 |
_cjcv _d20171204 |
||
| 910 |
_btqv _cwelc _d20180208 |
||
| 942 |
_2ddc _cBOOK |
||
| 949 |
_a657 G53 1 2007 _wDEWEY _c1 _i58206 _lCCODEBUL1 _mBUL _p9.00 _r0 _sY _tBOOK _u2015-06-25 _xFCE _PP08 _0COMPRA _o.STAFF. Colección Ciencias Empresariales |
||
| 949 |
_a657 G53 1 2007 _wDEWEY _c2 _i57375 _lCCODEBUL1 _mBUL _p10 _r0 _sY _tBOOK _u2015-06-25 _xFCE _PP08 _0COMPRA _o.STAFF. Colección General |
||
| 949 |
_a657 G53 T1 2007 _wDewey _c1 _iFT03413 _lCCODEBUT1 _mBUT _n1 _p10.00 _sY _tBOOK _xBIBLIOTECA _zUNKNOWN _0DONACIÓN _o.STAFF. Colección General |
||
| 949 |
_a657.042 G53 T1 2007 _wDEWEY _c1 _iFJ10151 _lCCODEBUJ1 _mBUJ _p8.00 _r0 _sY _tBOOK _u2018-02-08 _xFCE _PP08 _0DONACION _o.STAFF. Colección General Juliaca |
||
| 994 |
_aC0 _bPEPRU |
||
| 596 | _a1 2 3 | ||
| 999 |
_a657 G53 1 2007 _wDEWEY _c46468 _i58206 _d46468 _e2019-9-10 _f2021-11-5 _g7 _lCCODEBUL1 _mBUL _n6 _p9.00 _r0 _sY _tBOOK _u2015-6-25 _xFCE _PP08 _0COMPRA _o.STAFF. Colección Ciencias Empresariales |
||
| 999 |
_a657 G53 1 2007 _wDEWEY _c2 _i57375 _lLOST _mBUL _p9.00 _r1 _sY _tBOOK _u2015-6-25 _xFCE _PP08 _0COMPRA _o.STAFF. Colección General |
||
| 999 |
_a657.042 G53 T1 2007 _wDEWEY _c1 _iFJ10151 _d2019-10-14 _e2019-10-11 _f2022-1-31 _g3 _lCCODEBUJ1 _mBUJ _n10 _p8.00 _q18 _r0 _sY _tBOOK _u2015-12-11 _xFCE _PP08 _0DONACION _o.STAFF. Coleccion General Juliaca |
||
| 999 |
_a657 G53 T1 2007 _wDEWEY _c1 _iFT03413 _f2019-2-20 _g1 _lCCODEBUT1 _mBUT _p10.00 _r0 _sY _tBOOK _u2017-12-4 _xUNKNOWN _zUNKNOWN _0DONACION |
||
| 980 |
_81 _gALBERTO SANCHEZ Responsable de Automatización |
||